What boy names were in the top 100 in both 1880 and 2013? - Statistics

General Stats
  • This quiz has been taken 2,778 times
  • The average score is 12 of 19
Answer Stats
Rankings (1880 then 2013) Answer (Boy Name) % Correct
1 then 27 John
93%
3 then 13 James
84%
2 then 5 William
84%
46 then 7 Michael
74%
18 both years David
72%
8 then 61 Thomas
70%
9 then 37 Henry
69%
10 then 62 Robert
68%
4 then 57 Charles
66%
25 then 10 Daniel
66%
24 then 22 Andrew
60%
39 then 3 Jacob
59%
7 then 20 Joseph
58%
77 then 40 Jack
57%
17 then 25 Samuel
52%
73 then 8 Alexander
50%
32 then 14 Benjamin
50%
69 then 52 Oliver
47%
62 then 29 Isaac
29%
No matching quizzes found
Score Distribution
Percent of People with Each Score
Percentile by Number Answered
Your Score History
You have not taken this quiz